Hadronic atoms in QCD+QED; Physics Reports; Vol. 456, iss. 5-6

Dades bibliogràfiques
Parent link:Physics Reports
Vol. 456, iss. 5-6.— 2008.— [P. 167-251]
Autor principal: Gasser J.
Altres autors: Lyubovitskiy (Lyubovitskij) V. E. Valery Efimovich, Rusetsky A.
Sumari:Title screen
We review the theory of hadronic atoms in QCD+QED, based on a non-relativistic effective Lagrangian framework. We first provide an introduction to the theory, and then describe several applications: meson–meson, meson–nucleon atoms and meson–deuteron compounds. Finally, we compare the quantum field theory framework used here with the traditional approach, which is based on quantum-mechanical potential scattering.
Режим доступа: по договору с организацией-держателем ресурса
Idioma:anglès
Publicat: 2008
Matèries:
Accés en línia:https://doi.org/10.1016/j.physrep.2007.09.006
Format: MixedMaterials Electrònic Capítol de llibre
KOHA link:https://koha.lib.tpu.ru/cgi-bin/koha/opac-detail.pl?biblionumber=656812

MARC

LEADER 00000naa0a2200000 4500
001 656812
005 20251105141320.0
035 |a (RuTPU)RU\TPU\network\23292 
035 |a RU\TPU\network\18414 
090 |a 656812 
100 |a 20171213d2008 k||y0rusy50 ba 
101 0 |a eng 
135 |a drnn ---uucaa 
181 0 |a i  
182 0 |a b 
200 1 |a Hadronic atoms in QCD+QED  |f J. Gasser, V. E. Lyubovitskiy (Lyubovitskij), A. Rusetsky 
203 |a Text  |c electronic 
300 |a Title screen 
320 |a [References: 305 tit.] 
330 |a We review the theory of hadronic atoms in QCD+QED, based on a non-relativistic effective Lagrangian framework. We first provide an introduction to the theory, and then describe several applications: meson–meson, meson–nucleon atoms and meson–deuteron compounds. Finally, we compare the quantum field theory framework used here with the traditional approach, which is based on quantum-mechanical potential scattering. 
333 |a Режим доступа: по договору с организацией-держателем ресурса 
461 |t Physics Reports 
463 |t Vol. 456, iss. 5-6  |v [P. 167-251]  |d 2008 
610 1 |a электронный ресурс 
610 1 |a труды учёных ТПУ 
610 1 |a адронные атомы 
610 1 |a hadronic atoms 
610 1 |a QCD 
610 1 |a QED 
610 1 |a chiral perturbation theory 
610 1 |a non-relativistic effective lagrangians 
610 1 |a киральная теория возмущений 
700 1 |a Gasser  |b J. 
701 1 |a Lyubovitskiy (Lyubovitskij)  |b V. E.  |c physicist  |c Professor of Tomsk Polytechnic University, Doctor of physical and mathematical sciences, Professor of the University of Tubingen (Germany)  |f 1963-  |g Valery Efimovich  |3 (RuTPU)RU\TPU\pers\33385  |9 17080 
701 1 |a Rusetsky  |b A. 
801 2 |a RU  |b 63413507  |c 20171225  |g RCR 
856 4 |u https://doi.org/10.1016/j.physrep.2007.09.006 
942 |c CF